Cambodia : 2016 Article IV Consultation-Press Release; Staff Report; and Statement by the Executive Director for Cambodia.

This 2016 Article IV Consultation highlights growth in the Cambodian economy of about 7 percent in 2015, supported by strong garment exports, real estate and construction activity, and a reduction in oil prices. Inflation unexpectedly picked up at the end of 2015, to 2.8 percent, owing to higher foo...

Celý popis

Podrobná bibliografie
Korporativní autor: International Monetary Fund. Asia and Pacific Dept
Médium: Časopis
Jazyk:English
Vydáno: Washington, D.C. : International Monetary Fund, 2016.
Edice:IMF Staff Country Reports; Country Report ; No. 2016/340
On-line přístup:Full text available on IMF
LEADER 01852cas a2200241 a 4500
001 AALejournalIMF017206
008 230101c9999 xx r poo 0 0eng d
020 |c 5.00 USD 
020 |z 9781475551327 
022 |a 1934-7685 
040 |a BD-DhAAL  |c BD-DhAAL 
110 2 |a International Monetary Fund.  |b Asia and Pacific Dept. 
245 1 0 |a Cambodia :   |b 2016 Article IV Consultation-Press Release; Staff Report; and Statement by the Executive Director for Cambodia. 
264 1 |a Washington, D.C. :  |b International Monetary Fund,  |c 2016. 
300 |a 1 online resource (76 pages) 
490 1 |a IMF Staff Country Reports 
500 |a <strong>Off-Campus Access:</strong> No User ID or Password Required 
500 |a <strong>On-Campus Access:</strong> No User ID or Password Required 
506 |a Electronic access restricted to authorized BRAC University faculty, staff and students 
520 3 |a This 2016 Article IV Consultation highlights growth in the Cambodian economy of about 7 percent in 2015, supported by strong garment exports, real estate and construction activity, and a reduction in oil prices. Inflation unexpectedly picked up at the end of 2015, to 2.8 percent, owing to higher food prices following extreme weather, but it remains well contained. Private sector credit growth has averaged nearly 30 percent over the past three years, doubling the credit-to-GDP ratio to 62 percent by the end of 2015. The near-term outlook remains broadly favorable. Growth is projected to remain robust at about 7 percent for 2016-17, supported by strong garment exports and real estate and construction activity. 
538 |a Mode of access: Internet 
830 0 |a IMF Staff Country Reports; Country Report ;  |v No. 2016/340 
856 4 0 |z Full text available on IMF  |u http://elibrary.imf.org/view/journals/002/2016/340/002.2016.issue-340-en.xml  |z IMF e-Library